Địa chấn học và động đất tại Việt Nam
Cung cấp những kiến thức về khoa học địa chấn cũng như là những kiến thức cơ bản về trái đất và các đặc điểm vật lý như: các phương trình sóng, ứng suất đàn hồi và biến dạng, sóng địa chất......
Сохранить в:
| Главный автор: | |
|---|---|
| Формат: | |
| Язык: | Undetermined |
| Опубликовано: |
Hà Nội
Khoa học Tự nhiên và Công nghệ
2007
|
| Предметы: | |
| Метки: |
Добавить метку
Нет меток, Требуется 1-ая метка записи!
|
| Thư viện lưu trữ: | Trung tâm Học liệu Trường Đại học Cần Thơ |
|---|
| LEADER | 01095nam a2200217Ia 4500 | ||
|---|---|---|---|
| 001 | CTU_170045 | ||
| 008 | 210402s9999 xx 000 0 und d | ||
| 020 | |c 80000 | ||
| 082 | |a 551.22 | ||
| 082 | |b Th506 | ||
| 100 | |a Phạm, Văn Thục | ||
| 245 | 0 | |a Địa chấn học và động đất tại Việt Nam | |
| 245 | 0 | |c Phạm Văn Thục | |
| 260 | |a Hà Nội | ||
| 260 | |b Khoa học Tự nhiên và Công nghệ | ||
| 260 | |c 2007 | ||
| 520 | |a Cung cấp những kiến thức về khoa học địa chấn cũng như là những kiến thức cơ bản về trái đất và các đặc điểm vật lý như: các phương trình sóng, ứng suất đàn hồi và biến dạng, sóng địa chất... | ||
| 650 | |a Scientific research,Khoa học nghiên cứu,Seismology,Địa chấn,Earthquakes,Động đất | ||
| 650 | |x Southeast Asia,Đông Nam Á,Southeast Asia,Đông Nam Á | ||
| 904 | |i Cẩm Ý, Phỉ, Năm | ||
| 980 | |a Trung tâm Học liệu Trường Đại học Cần Thơ | ||